01216nam a2200349 c 450000100060000000300100000600500170001600700030003300800410003602000150007702000180009204000350011004100130014504300120015808400110017010000480018124501290022925000220035826400440038030000530042433600270047733700330050433800280053752100530056553400550061865000340067365000330070765000360074065000400077670000260081670000240084260622CO-BoRNBP20260225205310.0ta121119s1991 sp a jr 000 f spa d a9505470665 a9789505470662 aCO-BoRNBPbspaerdacCO-BoRNBP1 aspaheng ae-uk-en aN TOL310aTolkien, John Ronald Reuel,d1892-1973eaut13aEl señor de los anillos. III, :bel retorno del rey /cJ. R. R. Tolkien ; traducción de Matilde Horne y Luis Doménech. aPrimera edición 1aBarcelona, España :bMinotauro,c1991 a413 páginas :bilustraciones en blanco y negro atextobtxt2rdacontent asin mediaciónbn2rdamedia avolumenbnc2rdacarrier1 aRecomendado para un público mayor de 12 años tThe Lord of the Rings III : the return of the king17aLiteratura fantástica2rnbp17aHistorias de aventuras2lemb17aNovela inglesaySiglo XIX2rnbp17aLiteratura inglesaySiglo XIX2rnbp10aDoménech, Luisetrl10aHorne, Matildeetrl